000 00345nam a2200133Ia 4500
008 240624s9999 xx 000 0 und d
041 _aeng
082 _a658.4012 CUR
100 _aCURTIS VEECHI
245 _aCREATING A BUSINESS PLAN FOR DUMMIES
260 _c2015
_aNew Delhi
_bWiley
300 _axiv, : 362 : p. : cm. ; 23
365 _cRS
_b33
999 _c26798
_d26798